Dienstgrade der Bundeswehr - Herr und Luftwaffe - Statistiken

Allgemein
  • Dieses Quiz wurde 1.696 mal gespielt
  • Das Durchschnittsergebnis liegt bei 20 aus 26
Antwortstatistiken
Dienstgrad % Korrekt
Gefreiter
91%
General
91%
Oberst
91%
Feldwebel
90%
Leutnant
88%
Obergefreiter
87%
Major
85%
Oberfeldwebel
84%
Hauptgefreiter
83%
Hauptfeldwebel
81%
Hauptmann
81%
Stabsgefreiter
81%
Oberleutnant
79%
Stabsfeldwebel
79%
Unteroffizier
78%
Oberstabsgefreiter
77%
Oberstabsfeldwebel
75%
Fähnrich
69%
Oberstleutnant
67%
Brigadegeneral
65%
Generalmajor
65%
Stabsunteroffizier
65%
Fahnenjunker
61%
Generalleutnant
61%
Stabshauptmann
58%
Oberfähnrich
56%
Keine übereinstimmenden Quizze gefunden
Verteilung der Resultate
Anzahl Personen mit jedem Resultat
Perzentil nach korrekt beantworteten Fragen
Ihre Resultats-Entwicklung
Sie haben dieses Quiz noch nicht gespielt